Informe sobre el Tribunal de la Inquisición, con el proyecto de decreto acerca de los tribunales protectores de la religión / (Record no. 153838)

MARC details
000 -LEADER
campo de control de longitud fija 00964nam a2200205 i 4500
001 - NÚMERO DE CONTROL
campo de control 153838
003 - IDENTIFICADOR DE NÚMERO DE CONTROL
campo de control ES-MaACL
005 - FECHA Y HORA DE LA ÚLTIMA TRANSACCIÓN
campo de control 20230906205414.0
008 - DATOS DE LONGITUD FIJA--INFORMACIÓN GENERAL
campo de control de longitud fija 960903s1812 sp |||| | spa d
110 1# - ENTRADA PRINCIPAL--NOMBRE DE ENTIDAD CORPORATIVA
Nombre de entidad corporativa o nombre de jurisdicción como elemento de entrada España.
Unidad subordinada Cortes Generales.
-- Comisión de Constitución.
9 (RLIN) 147076
245 10 - MENCIÓN DEL TÍTULO
Título Informe sobre el Tribunal de la Inquisición, con el proyecto de decreto acerca de los tribunales protectores de la religión /
Mención de responsabilidad, etc. presentado a las Cortes Generales y Extraordinarias por la Comisión de Constitución...
260 ## - PUBLICACIÓN, DISTRIBUCIÓN, ETC.
Lugar de publicación, distribución, etc. Cádiz :
Nombre del editor, distribuidor, etc. [s.n.],
Fecha de publicación, distribución, etc. 1812 (
Fabricante Imp. Tormentaria, al cargo de D. Juan Domingo Villegas)
300 ## - DESCRIPCIÓN FÍSICA
Extensión 96 p. ;
Dimensiones 20 cm.
530 ## - NOTA DISPONIBLE DE FORMULARIO FÍSICO ADICIONAL
Nota de formato físico adicional disponible Disponible en formato digital.
597 ## - NOTA DE DESCRIPCIÓN FÍSICA
NOTA DE DESCRIPCIÓN FÍSICA Apostillas marginales.
597 ## - NOTA DE DESCRIPCIÓN FÍSICA
NOTA DE DESCRIPCIÓN FÍSICA Signaturizado.
650 #4 - PUNTO DE ACCESO ADICIONAL DE MATERIA--TÉRMINO DE MATERIA
Término de materia o nombre geográfico como elemento de entrada Tribunales eclesiásticos.
9 (RLIN) 136955
852 ## - LOCALIZACIÓN
Ubicación ES-MaACL
Número de control de estantería R-3098(1)
Encuadernación Olim:D-621
Nota libre - Enc. hol.
856 ## - LOCALIZACIÓN Y ACCESO ELECTRÓNICOS
Identificador Uniforme de Recursos <a href="http://bdh-rd.bne.es/viewer.vm?id=0000109894&page=1 ">http://bdh-rd.bne.es/viewer.vm?id=0000109894&page=1 </a>
Nota pública Biblioteca Digital Hispánica
Holdings
Estatus retirado Estado de pérdida Estado de daño No para préstamo Colección Biblioteca de origen Biblioteca actual Ubicación en estantería Fecha de adquisición Total de préstamos Signatura topográfica completa Código de barras Visto por última vez Precio de reemplazo Tipo de ítem Koha
        Colección digital Biblioteca del Ateneo de Madrid Biblioteca del Ateneo de Madrid Depósito 17/01/2008   R-3098(1) 1160839 23/02/2023 23/02/2023 Libro impreso antiguo